| 000 | 00999nam a22003017a 4500 | ||
|---|---|---|---|
| 003 | CHAP | ||
| 005 | 20220329135822.0 | ||
| 008 | 971013s1975 r 00010 d | ||
| 010 | _a42788 | ||
| 011 | _a43760 | ||
| 035 | _a47897 | ||
| 040 | _cCHAP | ||
| 082 |
_a633 _bE8 |
||
| 100 | 0 | 0 |
_aEvans, Lloyd Thomas _eed. _938948 |
| 245 | _aCrop physiology ; some case histories | ||
| 260 |
_aLondon : _bCambridge University, _c1975 |
||
| 300 |
_a374 p. _b: ilus. ; gráfs. |
||
| 590 |
_aBATCH-UPD _b10 _c20130110 _lUCH01 _h1204 |
||
| 590 |
_aBATCH-UPD _b10 _c20130410 _lUCH01 _h0746 |
||
| 590 |
_aBATCH-UPD _b10 _c20130914 _lUCH01 _h1119 |
||
| 590 |
_aCONVERSION _b10 _c20130109 _lUCH01 _h1324 |
||
| 650 | 1 | 4 |
_aCultivos _xFisiología y morfología. _930276 |
| 650 | 1 | 4 |
_aPlantas cultivadas _xHistoria. _988931 |
| 901 | _aBK | ||
| 942 | _cLIBRO | ||
| 949 |
_a633 E8 _bBC _cLIBRO _d33724000189387 _eLIBRO _fc.2 _h46290 _i47897 _si _t341.00 |
||
| 949 |
_a633 E8 _bBC _cLIBRO _d33724000929170 _eLIBRO _h33682 _i47897 _si _t341.00 |
||
| 999 |
_c42788 _d42788 |
||